00682nam a2200181Ia 4500008004100000020001700041040001400058082002200072100004200094245004000136260003900176300001300215365002800228366000800256620015600264630004000420730004000460100315s9999 xx 000 0 und d a8121926629  cENGLISH  b5885 a657.046  a"Pillai, R.S.N., Bagavathi, Uma, S. " aFundamentals of Advanced Accounting aNew Delhi b"Chand, S  "c2006  a994p.   eRupees d1 b300.00  f0  a"Recording of financial data, Trial Balance, Bills of exchange, Final Accounts, Capital & Revenue, Single Entry, Contract Accounts, Royalty Accounts " aFundamentals of Advanced Accounting aFundamentals of Advanced Accounting